| 000 | 01277nam a2200301 a 4500 | ||
|---|---|---|---|
| 005 | 20070123135723.0 | ||
| 008 | 000601r20011996nyua c 000 1 eng | ||
| 010 | _a | ||
| 020 |
_a9780440866633 _c220.00 |
||
| 037 | _bBlue Berry | ||
| 040 |
_aDPL _bEnglish |
||
| 082 | _aS | ||
| 100 | _aWilson, Jacqueline. | ||
| 245 |
_aQuiz book / _cby Jacqueline Wilson ; illustrations by Nick Sharratt. |
||
| 260 |
_aLondon _bRandom House Children's Company _c2006. |
||
| 270 |
_a61-63 Uxbridge Road, _bLondon W5 5SA |
||
| 300 |
_a127 p. : _bill. ; _c20 cm. |
||
| 520 | _aTen-year-old Mandy must endure torment from three nasty bullies in school, but she finds solace in a new friendship with an older girl. | ||
| 650 | _vFiction. | ||
| 651 |
_aEngland _vFiction. |
||
| 700 |
_aSharratt, Nick, _eill. |
||
| 856 |
_3Contributor biographical information _uhttp://www.loc.gov/catdir/bios/random052/00043072.html |
||
| 856 |
_3Sample text _uhttp://www.loc.gov/catdir/samples/random041/00043072.html |
||
| 856 |
_3Publisher description _uhttp://www.loc.gov/catdir/description/random043/00043072.html |
||
| 942 |
_2ddc _cEN _hS _mWIL |
||
| 999 |
_c21453 _d21453 |
||